| 000 | 02415nam a2200337 i 4500 | ||
|---|---|---|---|
| 003 | EG-GICUC | ||
| 005 | 20260511143034.0 | ||
| 008 | 260511s20022003ua |||fr|||| 00| 0 ara d | ||
| 017 | _a5202/2002 | ||
| 040 |
_a EG-GICUC _bara _c EG-GICUC _d EG-GICUC _erda |
||
| 041 | 0 | _aAra | |
| 082 | 0 | 4 |
_221 _a343.4 _bم ع . م |
| 092 | 0 | 4 | _221 |
| 099 | _aLaw1 10 343.4 م ع . م 2002 | ||
| 100 | 0 |
_aمعوض عبد التواب _eمؤلف. |
|
| 245 | 1 | 2 |
_aالموسوعة الشاملة فى شرح التشريعات الجنائية الخاصة : _bيشتمل على التشريعات الجنائية الخاصة الصادرة حتى سنة ۲۰۰۲ معلقاً عليها بالشرح وأحكام القضاء حتى سنة ٢٠٠٢ وأهم القيود والأوصاف والتعليمات العامة للنيابات. _nالجزء السادس، _pمحال صناعية وتجارية - محال عامة - محميات طبيعية - مخدرات - مخابز ومطاحن ودقيق - صيد أسماك - صيدلة - ضريبة استهلاك - ضرائب على الدخل -ضريبة مبيعات - طافيا - طب - طب أسنان - طب بيطرى - طرق عامة - طيران مدنى - علاج طبيعي - علاج نفسي - علامات وبيانات تجارية - علم مصرى - غاز طبيعى - غرف تجارية - غش وتدليس - قمائن الطوب - كبريت - كسب غير مشروع - كهرباء - لحوم - مباشرة الحقوق السياسية - مترو الأنفاق - محاكمة وزراء - محافل بهائية - محاماة / _cتأليف المستشار الدكتور معوض عبد التواب. |
| 250 |
_aالطبعة الرابعة _bمزيدة ومنقحة |
||
| 264 | 1 |
_aالقاهرة : _bالمركز القومى للإصدارات القانونية، _c2002. |
|
| 300 |
_a638 ؛صفحة _c24 سم. _bإيضاحيات، صور، مثيليات ؛ |
||
| 336 |
_2rda content _atext |
||
| 337 |
_2rda media _aComputer |
||
| 338 |
_2rda carrier _aOnline Resource |
||
| 500 | _aإهداء من حسن على | ||
| 546 | _aالنص باللغة العربية | ||
| 650 | 1 |
_aالتشريعات الجنائية الخاصة _2qrmak |
|
| 650 | 1 |
_aالقانون الجنائى _2qrmak |
|
| 651 | 1 | _2qrmak | |
| 856 | 4 | 0 | _uhttps://fll.law.cu.edu.eg/fulltext/bks/B10-12126.pdf |
| 905 | _a54 | ||
| 942 |
_2ddc _cBK _e21 _n0 |
||
| 999 |
_c76571 _d76571 |
||